000 00603nam a22002177i 4500
003 URS
005 20220117120432.0
008 180522b xxu||||| |||| 00| 0 eng d
040 _erda
_cURS
_beng
050 _aQA531
_b.M193 1987
245 _aTrigonometry /
250 _aSecond edition. --
264 1 _aSan Juan, Manila :
_bAcademe Publishing House,
_c1987.
300 _a298 pages :
_c24 cm
_billustrations ;
336 _atext
_btxt
_2rdacontent
337 _aunmediated
_bn
_2rdamedia
338 _avolume
_bnc
_2rdacarrier
500 _aInclude index.
650 _aTrigonometry.
942 _2lcc
_cF
999 _c4634
_d4634